One Piece Warlord Crews - Statistics

General Stats
  • This quiz has been taken 71 times
  • The average score is 43 of 69
Answer Stats
Picture Answer % Correct
Dracula Mihawk
100%
Bartolomeo Kuma
98%
Crocodile
97%
Buggy
95%
Galdino
95%
Alvida
93%
Daz Bonez
92%
Donquixote Doflamingo
92%
Boa Hancock
87%
Jinbe
87%
Donquixote Rosinante
85%
Baby 5
84%
Edward Weevil
84%
Perona
84%
Sugar
84%
Trafalgar D. Water Law
84%
Aokiji
82%
Bepo
82%
Gecko Moria
82%
Marshall D. Teach
82%
Trebol
82%
Pica
80%
Senor Pink
80%
Lao G
79%
Monet
79%
Shiryu
79%
Vergo
79%
Caesar Clown
77%
Diamante
77%
Jesus Burgess
77%
Violet
75%
Absalom
74%
Doc Q
74%
Laffitte
74%
Oars
74%
Buffalo
70%
Dr. Hogback
70%
Catarina Devon
69%
Van Augur
67%
Sanjuan Wolf
64%
Avalo Pizarro
62%
Cabaji
62%
Dellinger
62%
Vasco Shot
62%
Penguin
59%
Boa Sandersonia
57%
Richie
57%
Boa Marigold
56%
Machvise
52%
Stronger
52%
Gladius
49%
Giolla
48%
Hanafuda
46%
Mohji
46%
Jean Bart
44%
Wadatsumi
38%
Aladine
33%
Shachi
31%
Charlotte Praline
28%
Camel
21%
Ikkaku
18%
Hakugan
15%
Daisy
13%
Ran
13%
Rindo
13%
Cosmos
11%
Uni
11%
Clione
10%
Blue Fan
8%
No matching quizzes found
Score Distribution
Percent of People with Each Score
Percentile by Number Answered
Your Score History
You have not taken this quiz